banner-ar

التجربة الدستورية فى عمان / (Record no. 61774)

MARC details
000 -الفاتح
حقل البيانات ثابتة الطول 00740nam a22002177a 4500
005 - وقت وتاريخ اخر تعامل مع التسجيلة
رقم الضبط 20240530110515.0
008 - عناصر البيانات ثابتة الطول - معلومات عامة
حقل البيانات ثابتة الطول 160119s2013 ua a g b 001 0 ara d
020 ## - الرقم الدولى المعيارى للكتب
الرقم الدولى المعيارى للكتاب 9789953826066
040 ## - مصدر الفهرسة
وكالة الفهرسة الأصلية EG-CaGPL
082 04 - رقم تصنيف ديوى العشرى
رقم الطبعة 21
رقم التصنيف 342.0205353\
رقم المادة ب ت
100 0# - المدخل الرئيسى - إسم شخصى
الإسم الشخصى بسمة مبارك سعيد .
245 12 - بيان العنوان
العنوان التجربة الدستورية فى عمان /
بيان المسئوليه,etc بسمة مبارك سعيد .
250 ## - بيان الطبعة
بيان الطبعة ط1.
260 ## - PUBLICATION, DISTRIBUTION, ETC. (IMPRINT)
تاريخ النشر أو التوزيع 2013 .
300 ## - الوصف المادى
التعداد 272 ص ؛
أبعاد الوعاء 24 سم .
651 04 - المدخل الاضافى بالموضوع - اسم جغرافى
الاسم الجغرافي عمان
التقسيم الفرعي العام الدستور .
651 04 - المدخل الاضافى بالموضوع - اسم جغرافى
الاسم الجغرافي عمان
التقسيم الفرعي العام الدستور
-- تعديلات .
651 04 - المدخل الاضافى بالموضوع - اسم جغرافى
الاسم الجغرافي عمان
التقسيم الفرعي العام التاريخ الدستورى .
942 ## - عناصر المدخل الإضافي( كوها)
مصدر التصنيف او مخطط الترفيف Dewey Decimal Classification
Koha [default] item type كتاب
260 ## - PUBLICATION, DISTRIBUTION, ETC. (IMPRINT)
-- بيروت :
-- مركز دراسات الوحدة العربية ،
Holdings
حالة التراجع حالة الفقد حالة تلف ليس للاعارة المكان المؤقت الموقع الحالى تاريخ الاكتساب اجمالي اﻻعارات رقم الطلب الباركود تاريخ اخر مشاهدة تاريخ تفعيل السعر نوع وعاء كوها
        مكتبة القاهرة الكبرى مكتبة القاهرة الكبرى 01/19/2016   342.0205353\ ب ت 161163 01/19/2016 01/19/2016 كتاب

Powered By

EGPV